Statistics for UEFA European Championship Top Goalscorers

Click here to take the quiz!

General Stats

  • This quiz has been taken 1,515 times
  • The average score is 5 of 11

Answer Stats

Answer% Correct
Thierry Henry
83%
Michel Platini
70%
Marco van Basten
65%
Zinedine Zidane
65%
Alan Shearer
59%
Ruud van Nistelrooy
48%
Patrick Kluivert
40%
Milan Baros
38%
Jurgen Klinsmann
35%
Nuno Gomes
30%
Savo Milosevic
14%

Score Distribution

Percentile by Number Answered

Percent of People with Each Score

Your Score History

You have not taken this quiz